000 00416nam a2200169Ia 4500
008 090711s9999 xx 000 0 und d
082 _b62278
100 _aराजे शैलजा
245 _aसौदा
260 _c1989
300 _a165
600 _aराजे शैलजा
630 _aसौदा
700 _aराजे शैलजा
730 _aसौदा
942 _cBOOK
999 _c310380
_d310380